Normal view
MARC view
Entry Corporate Name
001 - CONTROL NUMBER
- control field: 21001
003 - CONTROL NUMBER IDENTIFIER
- control field: ARRUPE
005 - DATE AND TIME OF LATEST TRANSACTION
- control field: 20151106121748.0
008 - FIXED-LENGTH DATA ELEMENTS
- fixed length control field: 151106|| aca||aabn | a|a d
040 ## - CATALOGING SOURCE
- Original cataloging agency: ARRUPE
- Transcribing agency: ARRUPE
110 ## - HEADING--CORPORATE NAME
- Corporate name or jurisdiction name as entry element: Fletcher, John
- Relator term: editor
670 ## - SOURCE DATA FOUND
- Source citation: Work cat.: (ARRUPE): Fletcher, John editor, Forces in modern French drama , 1972